American dyestuff reporter.

From Aug. 1920 includes a monthly technical section "devoted to the use and application of dyestuffs and the mechanical equipment incidental thereto."

Bibliographic Details
New Title:Textile chemist and colorist
Textile chemist and colorists & American dyestuff reporter
Corporate Author: American Association of Textile Chemists and Colorists
Format: Journal
Language:English
Published: New York : Howes Publishing Co., -[1999]
Subjects:
Online Availability: Check for online availability

MARC

Tag First Indicator Second Indicator Subfields
LEADER 00000cas a2200000 a 4500
001 in00000050532
005 20151007071904.0
008 750726d19171999nyumr1p 0uuua0eng
010 |a ca 21000422  
022 0 |a 0002-8266 
035 |a (OCoLC)01479786 
035 |9 AAE6826AM 
040 |a MUL  |c MUL  |d NSD  |d OCL  |d NSD  |d DLC  |d NSD  |d SER  |d AIP  |d NSD  |d AIP  |d TXA  |d UtOrBLW 
042 |a nsdp  |a lc 
049 |a TXAE 
050 0 0 |a TP890  |b .A6 
210 0 |a Am. dyest. report. 
222 0 |a American dyestuff reporter 
245 0 0 |a American dyestuff reporter. 
264 1 |a New York :  |b Howes Publishing Co.,  |c  -[1999] 
264 4 |c ©1999 
300 |a 88 volumes :  |b illustrations ;  |c 23-31 cm. 
310 |a Monthly 
321 |a Weekly 
336 |a text  |b txt  |2 rdacontent 
337 |a unmediated  |b n  |2 rdamedia 
338 |a volume  |b nc  |2 rdacarrier 
362 0 |a Vol. 1, no. 1 (Oct. 8, 1917)-v. 88, nos. 7/8 (July/Aug. 1999). 
520 |a From Aug. 1920 includes a monthly technical section "devoted to the use and application of dyestuffs and the mechanical equipment incidental thereto." 
550 |a Includes proceedings of the American Association of Textile Chemists and Colorists. 
580 |a Merged with: Textile chemist and colorist, to form: Textile chemist and colorists & American dyestuff reporter. 
650 0 |a Dyes and dyeing  |v Periodicals. 
710 2 |a American Association of Textile Chemists and Colorists.  |t Proceedings. 
785 1 7 |t Textile chemist and colorist  |x 0040-490X  |w (DLC) 79005504  |w (OCoLC)1767375 
785 1 7 |t Textile chemist and colorists & American dyestuff reporter  |x 1526-2837  |w (DLC)sn 99008995  |w (OCoLC)42052200 
999 |a MARS 
999 f f |s 7cc5492a-68d6-3832-9f6f-3467b7f047d4  |i 5145fef2-e34f-3f4f-8e93-71826bd779a8  |t 0 
952 f f |p serial  |a Texas A&M University  |b College Station  |c Sterling C. Evans Library  |d Evans: Library Stacks  |t 0  |e TP890 .A6  |h Library of Congress classification  |i unmediated -- volume  |k v.86:no.7-12  |l 1997:July-Dec.  |m A14823639794 
952 f f |p serial  |a Texas A&M University  |b College Station  |c Sterling C. Evans Library  |d Evans: Library Stacks  |t 0  |e TP890 .A6  |h Library of Congress classification  |i unmediated -- volume  |k v.83:no.1-6  |l 1994:Jan.-June  |m A14818812044 
952 f f |p serial  |a Texas A&M University  |b College Station  |c Sterling C. Evans Library  |d Evans: Library Stacks  |t 0  |e TP890 .A6  |h Library of Congress classification  |i unmediated -- volume  |k v.86:no.1-6  |l 1997:Jan.-June  |m A14823639809 
952 f f |p serial  |a Texas A&M University  |b College Station  |c Sterling C. Evans Library  |d Evans: Library Stacks  |t 0  |e TP890 .A6  |h Library of Congress classification  |i unmediated -- volume  |k v.80:no.7-12  |l 1991:July-Dec.  |m A14815586563 
952 f f |p serial  |a Texas A&M University  |b College Station  |c Sterling C. Evans Library  |d Evans: Library Stacks  |t 0  |e TP890 .A6  |h Library of Congress classification  |i unmediated -- volume  |k v.76  |l 1987  |m A14811434382 
952 f f |p serial  |a Texas A&M University  |b College Station  |c Sterling C. Evans Library  |d Evans: Library Stacks  |t 0  |e TP890 .A6  |h Library of Congress classification  |i unmediated -- volume  |k v.78:no.1-6  |l 1989:Jan.-June  |m A14812060267 
952 f f |p serial  |a Texas A&M University  |b College Station  |c Sterling C. Evans Library  |d Evans: Library Stacks  |t 0  |e TP890 .A6  |h Library of Congress classification  |i unmediated -- volume  |k v.87:no.7-12  |l 1998:July-Dec.  |m A14824947417 
952 f f |p serial  |a Texas A&M University  |b College Station  |c Sterling C. Evans Library  |d Evans: Library Stacks  |t 0  |e TP890 .A6  |h Library of Congress classification  |i unmediated -- volume  |k v.78:no.7-12  |l 1989:July-Dec.  |m A14812060314 
952 f f |p serial  |a Texas A&M University  |b College Station  |c Sterling C. Evans Library  |d Evans: Library Stacks  |t 0  |e TP890 .A6  |h Library of Congress classification  |i unmediated -- volume  |k v.77:no.1-6  |l 1988:Jan.-June  |m A14811823117 
952 f f |p serial  |a Texas A&M University  |b College Station  |c Sterling C. Evans Library  |d Evans: Library Stacks  |t 0  |e TP890 .A6  |h Library of Congress classification  |i unmediated -- volume  |k v.79:no.1-6  |l 1990:Jan.-June  |m A14812949819 
952 f f |p serial  |a Texas A&M University  |b College Station  |c Sterling C. Evans Library  |d Evans: Library Stacks  |t 0  |e TP890 .A6  |h Library of Congress classification  |i unmediated -- volume  |k v.83:no.7-12  |l 1994:July-Dec.  |m A14819083088 
952 f f |p serial  |a Texas A&M University  |b College Station  |c Sterling C. Evans Library  |d Evans: Library Stacks  |t 0  |e TP890 .A6  |h Library of Congress classification  |i unmediated -- volume  |k v.82:no.1-6  |l 1993:Jan.-June  |m A14817215922 
952 f f |p serial  |a Texas A&M University  |b College Station  |c Sterling C. Evans Library  |d Evans: Library Stacks  |t 0  |e TP890 .A6  |h Library of Congress classification  |i unmediated -- volume  |k v.79:no.7-12  |l 1990:July-Dec.  |m A14814651739 
952 f f |p serial  |a Texas A&M University  |b College Station  |c Sterling C. Evans Library  |d Evans: Library Stacks  |t 0  |e TP890 .A6  |h Library of Congress classification  |i unmediated -- volume  |k v.85:no.7-12  |l 1996:July-Dec.  |m A14821428139 
952 f f |p serial  |a Texas A&M University  |b College Station  |c Sterling C. Evans Library  |d Evans: Library Stacks  |t 0  |e TP890 .A6  |h Library of Congress classification  |i unmediated -- volume  |k v.81:no.1-6  |l 1992:Jan.-June  |m A14816088851 
952 f f |p serial  |a Texas A&M University  |b College Station  |c Sterling C. Evans Library  |d Evans: Library Stacks  |t 0  |e TP890 .A6  |h Library of Congress classification  |i unmediated -- volume  |k v.82:no.7-12  |l 1993:July-Dec.  |m A14818421796 
952 f f |p serial  |a Texas A&M University  |b College Station  |c Sterling C. Evans Library  |d Evans: Library Stacks  |t 0  |e TP890 .A6  |h Library of Congress classification  |i unmediated -- volume  |k v.84:no.7 -v.84:no.12  |l 1995:July-Dec.  |m A14819930926 
952 f f |p serial  |a Texas A&M University  |b College Station  |c Sterling C. Evans Library  |d Evans: Library Stacks  |t 0  |e TP890 .A6  |h Library of Congress classification  |i unmediated -- volume  |k v.77:no.7-12  |l 1988:July-Dec.  |m A14811823167 
952 f f |p serial  |a Texas A&M University  |b College Station  |c Sterling C. Evans Library  |d Evans: Library Stacks  |t 0  |e TP890 .A6  |h Library of Congress classification  |i unmediated -- volume  |k v.87:no.1-6  |l 1998:Jan.-June  |m A14823639914 
952 f f |p serial  |a Texas A&M University  |b College Station  |c Sterling C. Evans Library  |d Evans: Library Stacks  |t 0  |e TP890 .A6  |h Library of Congress classification  |i unmediated -- volume  |k v.85:no.1-6  |l 1996:Jan.-June  |m A14821428325 
952 f f |p serial  |a Texas A&M University  |b College Station  |c Sterling C. Evans Library  |d Evans: Library Stacks  |t 0  |e TP890 .A6  |h Library of Congress classification  |i unmediated -- volume  |k v.80:no.1-6  |l 1991:Jan.-June  |m A14815292253 
952 f f |p serial  |a Texas A&M University  |b College Station  |c Sterling C. Evans Library  |d Evans: Library Stacks  |t 0  |e TP890 .A6  |h Library of Congress classification  |i unmediated -- volume  |k v.81:no.7-12  |l 1992:July-Dec.  |m A14817215875 
952 f f |p serial  |a Texas A&M University  |b College Station  |c Sterling C. Evans Library  |d Evans: Library Stacks  |t 0  |e TP890 .A6  |h Library of Congress classification  |i unmediated -- volume  |k v.88:no.1-6  |l 1999:Jan.-June  |m A14824947425 
952 f f |p serial  |a Texas A&M University  |b College Station  |c Sterling C. Evans Library  |d Evans: Library Stacks  |t 0  |e TP890 .A6  |h Library of Congress classification  |i unmediated -- volume  |k v.84:no.1-6  |l 1995:Jan.-June  |m A14819389345 
952 f f |p serial  |a Texas A&M University  |b College Station  |c Sterling C. Evans Library  |d Evans: Library Stacks  |t 0  |e TP890 .A6  |h Library of Congress classification  |i unmediated -- volume  |k v.74  |l 1985  |m A14812171563 
952 f f |p serial  |a Texas A&M University  |b College Station  |c Sterling C. Evans Library  |d Evans: Library Stacks  |t 0  |e TP890 .A6  |h Library of Congress classification  |i unmediated -- volume  |k v.88:no.7/8  |l 1999:July/Aug.  |m A14825294794 
998 f f |a TP890 .A6  |s v.88:no.1-8 (1999:Jan.-Aug.)  |t 0  |l Evans: Library Stacks